00286 a2200109 4500001000700000020000600007040001100013100002200024240006300046245005800109362000900167163020 a  cMagnum aZico, Jose Tobias10aCaraca: peregrinacao, cultura, turismo - minas geraislpor10aCaraca: peregrinacao, cultura, turismo - minas gerais0 a1899